Vista normal
Vista MARC
Entrada Materia (tema)
Número de registros utilizados en: 1
001 - CONTROL NUMBER
- control field: 36470
003 - CONTROL NUMBER IDENTIFIER
- control field: Co-BoUCM
005 - DATE AND TIME OF LATEST TRANSACTION
- control field: 20130429151259.0
008 - FIXED-LENGTH DATA ELEMENTS
- fixed length control field: 130429|| aca||aabn | a|a d
040 ## - CATALOGING SOURCE
- Original cataloging agency: Co-BoUCM
- Transcribing agency: Co-BoUCM
150 ## - HEADING--TOPICAL TERM
- Topical term or geographic name as entry element: Teoría lingüística
670 ## - SOURCE DATA FOUND
- Source citation: Work cat.: (Co-BoUCM)78953: Real Academia Española 36469, Nueva gramática de la lengua española, 2010.